Cuarta -IV- Conferencia Científica de Ciencias Sociales
Sparad:
| Institutionell upphovsman: | |
|---|---|
| Materialtyp: | Text |
| Publicerad: |
La Habana :
|
| Taggar: |
Lägg till en tagg
Inga taggar, Lägg till första taggen!
|
MARC
| LEADER | 00000 a a2200000 04500 | ||
|---|---|---|---|
| 001 | 14268 | ||
| 003 | |||
| 040 | |||
| 090 | |a 023300 | ||
| 110 | |a Universidad de la Habana (Cuba) | ||
| 245 | |a Cuarta -IV- Conferencia Científica de Ciencias Sociales | ||
| 260 | |a La Habana : | ||
| 300 | |a 1; 14 p. | ||
| 999 | |c 1930 |d 1930 | ||
